Sports Quiz

Random Sports or WWE Quiz

Luther Reigns WWE Opponents Quiz Stats

Quiz not verified by Sporcle

Challenge
Share
Tweet
Embed
Score 0/72 Timer 10:00
0 Plays Today
Event Wrestler % Correct
Smackdown, July 20, 2004John Cena
98.1%
Smackdown, July 27, 2004John Cena
98.1%
Smackdown, August 10, 2004John Cena
98.1%
Survivor Series (2004)John Cena
98.1%
Smackdown, June 22, 2004Eddie Guerrero
92.3%
Smackdown, August 17, 2004Eddie Guerrero
92.3%
Smackdown, September 21, 2004Eddie Guerrero
92.3%
Smackdown, September 28, 2004Eddie Guerrero
92.3%
No Mercy (2004)Eddie Guerrero
92.3%
Smackdown, October 12, 2004Eddie Guerrero
92.3%
Smackdown, November 9, 2004Eddie Guerrero
92.3%
Survivor Series (2004)Eddie Guerrero
92.3%
Tribute to the Troops (2004)Eddie Guerrero
92.3%
Smackdown, January 11, 2005Eddie Guerrero
92.3%
Smackdown, January 25, 2005Eddie Guerrero
92.3%
Smackdown, March 1, 2005Eddie Guerrero
92.3%
Smackdown, August 17, 2004Rey Mysterio
88.5%
Smackdown, October 12, 2004Rey Mysterio
88.5%
Smackdown, November 2, 2004Rey Mysterio
88.5%
Tribute to the Troops (2004)Rey Mysterio
88.5%
Smackdown, January 11, 2005Rey Mysterio
88.5%
Smackdown, January 25, 2005Rey Mysterio
88.5%
Smackdown, March 1, 2005Rey Mysterio
88.5%
Smackdown, July 27, 2004Booker T
86.5%
Smackdown, July 27, 2004Rob Van Dam
86.5%
Smackdown, August 10, 2004Rob Van Dam
86.5%
Smackdown, September 21, 2004The Big Show
86.5%
Smackdown, September 28, 2004Rob Van Dam
86.5%
Smackdown, November 2, 2004Rob Van Dam
86.5%
Smackdown, November 9, 2004Rob Van Dam
86.5%
Survivor Series (2004)Rob Van Dam
86.5%
Survivor Series (2004)The Big Show
86.5%
MSG Show, December 5, 2004The Big Show
86.5%
Armageddon (2004)The Big Show
86.5%
Smackdown, January 11, 2005Rob Van Dam
86.5%
Smackdown, January 11, 2005Booker T
86.5%
Event Wrestler % Correct
Smackdown, January 25, 2005Booker T
86.5%
No Way Out (2005)The Undertaker
86.5%
Smackdown, February 22, 2005The Undertaker
86.5%
Smackdown, March 15, 2005Booker T
86.5%
Smackdown, March 29, 2005Booker T
86.5%
Heat, April 3, 2005Booker T
86.5%
Smackdown, April 5, 2005The Big Show
86.5%
Royal Rumble (2005)Batista
80.8%
Smackdown, January 11, 2005Danny Basham
78.8%
Smackdown, January 11, 2005Doug Basham
78.8%
Smackdown, February 5, 2005Danny Basham
78.8%
Smackdown, February 5, 2005Doug Basham
78.8%
The Great American Bash (2004)Charlie Haas
76.9%
Smackdown, July 27, 2004Charlie Haas
76.9%
Smackdown, August 10, 2004Charlie Haas
76.9%
Velocity, December 28, 2004Charlie Haas
76.9%
Smackdown, July 27, 2004Rene Dupree
75%
Velocity, December 7, 2004Hardcore Holly
73.1%
Velocity, December 28, 2004Hardcore Holly
73.1%
Smackdown, March 8, 2005Mark Jindrak
67.3%
Smackdown, June 15, 2004Funaki
65.4%
Smackdown, July 27, 2004Kenzo Suzuki
65.4%
Velocity, November 16, 2004Funaki
65.4%
Velocity, November 30, 2004Funaki
65.4%
Velocity, April 12, 2005Funaki
65.4%
Smackdown, July 27, 2004Billy Gunn
59.6%
Velocity, November 16, 2004Nunzio
44.2%
Velocity, November 30, 2004Nunzio
44.2%
Smackdown, February 15, 2005Nunzio
44.2%
Velocity, September 14, 2004Eddie Watts
19.2%
Velocity, October 26, 2004Mike Mondo
19.2%
Velocity, November 23, 2004A-1
19.2%
Velocity, August 31, 2004Mike Kirkhart
17.3%
Velocity, November 23, 2004Robbie McAllister
17.3%
Velocity, March 29, 2005John Blitzen
17.3%
Velocity, March 16, 2004Ricky Vega
15.4%

You're not logged in!

Compare scores with friends on all Sporcle quizzes.
Sign Up with Email
OR
Log In

You Might Also Like...

Show Comments

Extras

Top Quizzes Today


Score Distribution

Your Account Isn't Verified!

In order to create a playlist on Sporcle, you need to verify the email address you used during registration. Go to your Sporcle Settings to finish the process.